Vista normal Vista MARC
  • ATENCION TELEFONICA

Entrada Topical Term

Número de registros utilizados en: 10

001 - CONTROL NUMBER

  • control field: 2462

003 - CONTROL NUMBER IDENTIFIER

  • control field: OSt

005 - DATE AND TIME OF LATEST TRANSACTION

  • control field: 20160128182524.0

008 - FIXED-LENGTH DATA ELEMENTS

  • fixed length control field: 160128|| aca||aabn | a|a d

040 ## - CATALOGING SOURCE

  • Original cataloging agency: OSt
  • Transcribing agency: OSt

150 ## - HEADING--TOPICAL TERM

  • Topical term or geographic name entry element: ATENCION TELEFONICA

670 ## - SOURCE DATA FOUND

  • Source citation: Work cat.: (OSt): Hughes, John 2461, Telephone english: includes phrase bank and role plays